000 00460nam a2200169Ia 4500
008 230917s9999||||xx |||||||||||||| ||und||
020 _cRS 495.00
040 _e5015723
_aMAIN
041 _aEnglish
082 _a791.43091 M697V
100 _aMittal, Rakesh
245 0 _aVishwa cinema ki 100 sarvashreshth filmen
260 _aDelhi
_bAnanya Prakashan
_c2018
300 _a256 p.
500 _a4350 10/01/2022 NKP22/708 12/01/2022 Main Budget
942 _cBK
999 _c4358
_d4358